Wema hauozi (Record no. 22686)

MARC details
000 -LEADER
fixed length control field 00497cam a22001937a 4500
003 - CONTROL NUMBER IDENTIFIER
control field KenMUT
005 - DATE AND TIME OF LATEST TRANSACTION
control field 20250310160002.0
008 - FIXED-LENGTH DATA ELEMENTS--GENERAL INFORMATION
fixed length control field 250310s2005 ke 000 | swa
020 ## - INTERNATIONAL STANDARD BOOK NUMBER
International Standard Book Number 9789914729504
040 ## - CATALOGING SOURCE
Transcribing agency MUT
050 00 - LIBRARY OF CONGRESS CALL NUMBER
Classification number PL 8704
Item number .W4A7 2023
100 1# - MAIN ENTRY--PERSONAL NAME
Personal name Arege, Timothy M.
245 10 - TITLE STATEMENT
Title Wema hauozi
260 ## - PUBLICATION, DISTRIBUTION, ETC.
Place of publication, distribution, etc. Nairobi
Name of publisher, distributor, etc. Access Publishers
Date of publication, distribution, etc. 2023
520 ## - SUMMARY, ETC.
Summary, etc. A novel.
546 ## - LANGUAGE NOTE
Language note In Swahili.
650 ## - SUBJECT ADDED ENTRY--TOPICAL TERM
Topical term or geographic name entry element Swahili literature
942 ## - ADDED ENTRY ELEMENTS (KOHA)
Source of classification or shelving scheme Library of Congress Classification
Koha item type Short Loan Books
Suppress in OPAC No
Holdings
Withdrawn status Lost status Source of classification or shelving scheme Damaged status Not for loan Home library Current library Shelving location Date acquired Source of acquisition Total checkouts Full call number Barcode Date last seen Price effective from Koha item type
    Library of Congress Classification   Not for loan Murang'a University of Technology Library Murang'a University of Technology Library ShortLoan Sect. 10/03/2025 Purchase   PL 8704 .W4A7 2023 031636 10/03/2025 10/03/2025 Short Loan Books
    Library of Congress Classification   Not for loan Murang'a University of Technology Library Murang'a University of Technology Library ShortLoan Sect. 10/03/2025 Purchase   PL 8704 .W4A7 2023 031637 10/03/2025 10/03/2025 Short Loan Books